000 00434nam a2200181Ia 4500
005 20240823062007.0
008 240823s9999||||xx |||||||||||||| ||und||
041 _aENGLISH
082 _A620.1 P2
100 _aRamesh Babu V
245 0 _aEngineering Mechanics
250 _a1st
260 _c2002
_bVRB Publishers Pv
_aChennai
500 _aYES
650 _aEngineering Mechanics
_bMechanical
942 _cBK
999 _c234842
_d234842